15 in 15: Countries of Europe Quiz Stats

 Plays Quiz Updated Jul 16, 2019

Score 0/15 Timer 00:15
24,609 Plays Today
% Correct
France
87.3%
Germany
87.1%
Spain
86.9%
Greece
86.2%
Sweden
86.1%
Poland
85.9%
Finland
85.1%
Switzerland
84.9%
% Correct
Hungary
83.4%
Croatia
82.3%
Slovenia
80.5%
Estonia
79.2%
Liechtenstein
78.7%
Serbia
75.4%
Monaco
74.4%

You're not logged in!

Compare scores with friends on all Sporcle quizzes.
OR
Log In

Show Comments

Extras

Top Quizzes Today


Score Distribution

Your Account Isn't Verified!

In order to create a playlist on Sporcle, you need to verify the email address you used during registration. Go to your Sporcle Settings to finish the process.

Report this User

Report this user for behavior that violates our Community Guidelines.

Details: